MARC details
| 000 -LEADER |
| fixed length control field |
04658nam a2200445 i 4500 |
| 001 - CONTROL NUMBER |
| control field |
xb27276223 |
| 006 - FIXED-LENGTH DATA ELEMENTS--ADDITIONAL MATERIAL CHARACTERISTICS |
| fixed length control field |
m d |
| 007 - PHYSICAL DESCRIPTION FIXED FIELD--GENERAL INFORMATION |
| fixed length control field |
cr n |
| 008 - FIXED-LENGTH DATA ELEMENTS--GENERAL INFORMATION |
| fixed length control field |
191119t20192019enka sb 000 0 eng d |
| 020 ## - INTERNATIONAL STANDARD BOOK NUMBER |
| International Standard Book Number |
9781783747191 |
| Qualifying information |
(pdf) |
| 020 ## - INTERNATIONAL STANDARD BOOK NUMBER |
| International Standard Book Number |
9781783747207 |
| Qualifying information |
(epub) |
| 020 ## - INTERNATIONAL STANDARD BOOK NUMBER |
| International Standard Book Number |
9781783747214 |
| Qualifying information |
(mobi) |
| 020 ## - INTERNATIONAL STANDARD BOOK NUMBER |
| International Standard Book Number |
9781783747221 |
| Qualifying information |
(XML) |
| 020 ## - INTERNATIONAL STANDARD BOOK NUMBER |
| Canceled/invalid ISBN |
9781783747177 (pbk.) |
| 020 ## - INTERNATIONAL STANDARD BOOK NUMBER |
| Canceled/invalid ISBN |
9781783747184 (hbk.) |
| 040 ## - CATALOGING SOURCE |
| Original cataloging agency |
StSaUL |
| Language of cataloging |
eng |
| Description conventions |
rda |
| 043 ## - GEOGRAPHIC AREA CODE |
| Geographic area code |
a-io--- |
| 245 00 - TITLE STATEMENT |
| Title |
Lifestyle in Siberia and the Russian North |
| Medium |
[electronic resource] / |
| Statement of responsibility, etc. |
edited by Joachim Otto Habeck. |
| 264 #1 - PRODUCTION, PUBLICATION, DISTRIBUTION, MANUFACTURE, AND COPYRIGHT NOTICE |
| Name of producer, publisher, distributor, manufacturer |
Open Book Publishers, |
| 300 ## - PHYSICAL DESCRIPTION |
| Extent |
1 online resource (488 pages) : |
| Other physical details |
52 colour illustrations. |
| 500 ## - GENERAL NOTE |
| General note |
Available through Open Book Publishers. |
| 504 ## - BIBLIOGRAPHY, ETC. NOTE |
| Bibliography, etc. note |
Includes bibliographical references and index. |
| 505 0# - FORMATTED CONTENTS NOTE |
| Formatted contents note |
Note on transliteration -- Notes on Contributors -- Preface -- 1. Introduction: Studying Lifestyle in Russia / Joachim Otto Habeck -- 2. Implications of Infrastructure and Technological Change for Lifestyles in Siberia / Dennis Zuev and Joachim Otto Habeck -- 3. Lifestyle and Creative Engagement with Rural Space in Northwest Russia / Masha Shaw (née Maria Nakhshina) -- 4. Holiday Convergences, Holiday Divergences: Siberian Leisure Mobilities Under Late Socialism and After / Luděk Brož and Joachim Otto Habeck -- 5. Spatial imaginaries and personal topographies in Siberian life stories: analysing movement and place in biographical narratives / Joseph J. Long -- 6. Something like Happiness: Home Photography in the Inquiry of Lifestyles / Jaroslava Panáková -- 7. Soviet Kul'tura in Post-Soviet Identification: The Aesthetics of Ethnicity in Sakha (Yakutia) / Eleanor Peers -- 8. Ethnicity on the Move: National-Cultural Organisations in Siberia / Artem Rabogoshvili 9. "We are not Playing Life, We Live Here": Playful Appropriation of Ancestral Memory in a Youth Camp in Western Siberia / Ina Schröder 10. A Taste for Play: Lifestyle and Live-Action Role-playing in Siberia and the Russian Far East / Tatiana Barchunova and Joachim Otto Habeck -- Conclusions -- Joachim Otto Habeck -- Appendix: On Research Design and Methods / Joachim Otto Habeck and Jaroslava Panáková -- List of Illustrations -- Index. |
| 506 ## - RESTRICTIONS ON ACCESS NOTE |
| Terms governing access |
Open access resource providing free access. |
| 520 ## - SUMMARY, ETC. |
| Summary, etc. |
"Lifestyle in Siberia and the Russian North breaks new ground by exploring the concept of lifestyle from a distinctly anthropological perspective. Showcasing the collective work of ten experienced scholars in the field, the book goes beyond concepts of tradition that have often been the focus of previous research, to explain how political, economic and technological changes in Russia have created a wide range of new possibilities and constraints in the pursuit of different ways of life. Each contribution is drawn from meticulous first-hand field research, and the authors engage with theoretical questions such as whether and how the concept of lifestyle can be extended beyond its conventionally urban, Euro-American context and employed in a markedly different setting. Lifestyle in Siberia and the Russian North builds on the contributors' clear commitment to diversifying the field and providing a novel and intimate insight into this vast and dynamic region. This book provides inspiring reading for students and teachers of Anthropology, Sociology and Cultural Studies and for anyone interested in Russia and its regions. By providing ethnographic case studies, it is also a useful basis for teaching anthropological methods and concepts, both at graduate and undergraduate level. Rigorous and innovative, it marks an important contribution to the study of Siberia and the Russian North."--Publisher's website. |
| 538 ## - SYSTEM DETAILS NOTE |
| System details note |
Mode of access: World Wide Web. |
| 540 ## - TERMS GOVERNING USE AND REPRODUCTION NOTE |
| Terms governing use and reproduction |
This work is licensed under a Creative Commons Attribution 4.0 International license (CC BY 4.0). For more detailed information consult the publisher's website. |
| 651 #0 - SUBJECT ADDED ENTRY--GEOGRAPHIC NAME |
| Geographic name |
Russia, Northern |
| General subdivision |
Social conditions. |
| 651 #0 - SUBJECT ADDED ENTRY--GEOGRAPHIC NAME |
| Geographic name |
Russia, Northern |
| General subdivision |
Social life and customs. |
| 651 #0 - SUBJECT ADDED ENTRY--GEOGRAPHIC NAME |
| Geographic name |
Siberia (Russia) |
| General subdivision |
Social conditions. |
| 651 #0 - SUBJECT ADDED ENTRY--GEOGRAPHIC NAME |
| Geographic name |
Siberia (Russia) |
| General subdivision |
Social life and customs. |
| 700 1# - ADDED ENTRY--PERSONAL NAME |
| Personal name |
Habeck, Joachim Otto, |
| Relator term |
editor, |
| -- |
author. |
| 710 2# - ADDED ENTRY--CORPORATE NAME |
| Corporate name or jurisdiction name as entry element |
Open Book Publishers, |
| Relator term |
publisher. |
| 856 40 - ELECTRONIC LOCATION AND ACCESS |
| Uniform Resource Identifier |
<a href="http://doi.org/10.11647/OBP.0171">http://doi.org/10.11647/OBP.0171</a> |
| Public note |
Connect to e-book |
| 856 42 - ELECTRONIC LOCATION AND ACCESS |
| Uniform Resource Identifier |
<a href="https://www.openbookpublishers.com/shopimages/products/cover/987.jpg">https://www.openbookpublishers.com/shopimages/products/cover/987.jpg</a> |
| Public note |
Connect to cover image |